[Event "Mittelfranken-chT2b 1617"]
[Site "Mittelfranken"]
[Date "2017.02.12"]
[Round "6.4"]
[White "Schmid, Stefan"]
[Black "Leonhardt, Frank"]
[Result "1/2-1/2"]
[WhiteElo "1692"]
[BlackElo "1864"]
[PlyCount "87"]
[EventDate "2016.10.23"]
[EventType "team-tourn"]
[EventRounds "9"]
[EventCountry "GER"]
[SourceTitle "EXT 2022"]
[Source "ChessBase"]
[SourceDate "2021.10.06"]
[SourceVersion "1"]
[SourceVersionDate "2021.10.06"]
[SourceQuality "1"]
[WhiteTeam "Nuernberg Zabo Eintracht II"]
[BlackTeam "Schwanstetten"]
[WhiteTeamCountry "GER"]
[BlackTeamCountry "GER"]

1. d4 Nf6 2. Nf3 g6 3. c4 Bg7 4. Nc3 d5 5. Bf4 c6 6. e3 0-0 7. h3 Nbd7 8. c5 Re8 9. b4 Nf8 10. Bd3 N6d7 11. 0-0 e5 12. dxe5 Nxe5 13. Nxe5 Bxe5 14. Bxe5 Rxe5 15. a4 d4 16. Bc4 Bxh3 17. exd4 Rg5 18. Qf3 Be6 19. Bxe6 Nxe6 20. d5 Rf5 21. Qg3 cxd5 22. Nb5 Nf4 23. Nd4 Rf6 24. Qb3 Qd7 25. f3 Re8 26. Rfe1 h5 27. Rxe8+ Qxe8 28. b5 Qe5 29. Rd1 Ne6 30. Nxe6 fxe6 31. c6 Qc7 32. Rc1 Qb6+ 33. Kh2 bxc6 34. Rxc6 Qd4 35. Qc2 Qf4+ 36. Kg1 Kg7 37. a5 Qd4+ 38. Kh2 Qh4+ 39. Kg1 Qe1+ 40. Kh2 Qxa5 41. Qc5 Qa1 42. Qe7+ Kh6 43. Rc7 Qe5+ 44. Kg1 1/2-1/2

[Event "Mittelfranken-chT2b 1617"]
[Site "Mittelfranken"]
[Date "2016.10.23"]
[Round "1.4"]
[White "Simon, Martin"]
[Black "Schmid, Stefan"]
[Result "1-0"]
[WhiteElo "1890"]
[BlackElo "1692"]
[PlyCount "66"]
[EventDate "2016.10.23"]
[EventType "team-tourn"]
[EventRounds "9"]
[EventCountry "GER"]
[SourceTitle "EXT 2022"]
[Source "ChessBase"]
[SourceDate "2021.10.06"]
[SourceVersion "1"]
[SourceVersionDate "2021.10.06"]
[SourceQuality "1"]
[WhiteTeam "Neumarkt"]
[BlackTeam "Nuernberg Zabo Eintracht II"]
[WhiteTeamCountry "GER"]
[BlackTeamCountry "GER"]

1. c4 f5 2. g3 Nf6 3. Bg2 c6 4. d4 g6 5. Nc3 Bg7 6. Nf3 0-0 7. 0-0 d6 8. b3 Kh8 9. Bb2 Be6 10. d5 Bg8 11. Nd4 Qc8 12. Rc1 c5 13. Nf3 Nbd7 14. Qc2 a6 15. a4 b6 16. e4 Ng4 17. exf5 Rxf5 18. Nh4 Rf8 19. Rce1 Bf6 20. Ne4 Bxb2 21. Qxb2+ Ngf6 22. f4 Rf7 23. Bh3 Qd8 24. Re3 Rg7 25. Ng5 Nf8 26. Rfe1 Ra7 27. Qe2 h6 28. Ne6 Bxe6 29. Bxe6 Nxe6 30. Rxe6 Qf8 31. f5 g5 32. Ng6+ Rxg6 33. fxg6 Kg7 1-0

[Event "Mittelfranken-chTB1 1314"]
[Site "Mittelfranken"]
[Date "2014.01.12"]
[Round "4.8"]
[White "Schmid, Stefan"]
[Black "Dereser, Marc"]
[Result "1-0"]
[WhiteElo "1715"]
[BlackElo "1722"]
[PlyCount "89"]
[EventDate "2013.10.20"]
[EventType "team-tourn"]
[EventRounds "9"]
[EventCountry "GER"]
[SourceTitle "EXT 2020"]
[Source "ChessBase"]
[SourceDate "2019.10.17"]
[SourceVersion "1"]
[SourceVersionDate "2019.10.17"]
[SourceQuality "1"]
[WhiteTeam "Nuernberg Zabo"]
[BlackTeam "Nuernberg SK 1911"]
[WhiteTeamCountry "GER"]
[BlackTeamCountry "GER"]

1. d4 d5 2. Nf3 Nf6 3. c4 e6 4. Nc3 Be7 5. Bf4 0-0 6. e3 Nbd7 7. c5 a6 8. Be2 Re8 9. b4 Nf8 10. h3 Ng6 11. Bh2 b6 12. 0-0 Bb7 13. a4 Nd7 14. Qb3 Bf6 15. Rfc1 Rb8 16. Rab1 c6 17. Bxb8 Qxb8 18. cxb6 Nxb6 19. b5 cxb5 20. axb5 a5 21. Na4 Bd8 22. Nxb6 Bxb6 23. Ne1 e5 24. dxe5 Nxe5 25. Nf3 h6 26. Nxe5 Qxe5 27. Bf3 Rd8 28. Rd1 Kh7 29. Rd3 f5 30. Rbd1 f4 31. exf4 Qxf4 32. Qc2 Qf5 33. R3d2 Qxc2 34. Rxc2 Ba8 35. Rcd2 d4 36. Bxa8 Rxa8 37. Rc2 Rb8 38. Kf1 Kg6 39. Ke2 Kf5 40. Kd3 Ke5 41. Re1+ Kd5 42. f4 Ba7 43. Re7 Ra8 44. Rc6 Bb8 45. Re8 1-0

[Event "Nuremberg-ch op 04th"]
[Site "Nuremberg"]
[Date "2004.05.23"]
[Round "5"]
[White "Schaefer, Erich"]
[Black "Schmid, Stefan"]
[Result "1/2-1/2"]
[WhiteElo "1326"]
[BlackElo "1690"]
[PlyCount "63"]
[EventDate "2004.05.21"]
[EventType "swiss"]
[EventRounds "5"]
[EventCountry "GER"]
[SourceTitle "EXT 2006"]
[Source "ChessBase"]
[SourceDate "2005.11.24"]
[SourceVersion "1"]
[SourceVersionDate "2005.11.24"]
[SourceQuality "1"]

1. e4 e6 2. d3 d5 3. Nd2 Bc5 4. Ngf3 Nf6 5. e5 Nfd7 6. d4 Be7 7. g3 c5 8. c3 Nc6 9. Bg2 Qb6 10. Nb3 cxd4 11. Nbxd4 Ndxe5 12. 0-0 Nxf3+ 13. Nxf3 Bd7 14. Qc2 f6 15. Be3 Bc5 16. Bxc5 Qxc5 17. Qd2 0-0 18. b4 Qd6 19. Nd4 Ne5 20. Bh3 Nc4 21. Qe2 e5 22. Nf5 Bxf5 23. Bxf5 Qe7 24. Qg4 Nb6 25. a4 Rad8 26. a5 Nc8 27. Rfd1 Rfe8 28. Rd3 Qf7 29. Qh4 g6 30. Bh3 Rd6 31. b5 Qc7 32. Qa4 1/2-1/2

[Event "Nuremberg-ch op 04th"]
[Site "Nuremberg"]
[Date "2004.05.21"]
[Round "1"]
[White "Rausch, Wolfgang"]
[Black "Schmid, Stefan"]
[Result "1-0"]
[WhiteElo "2195"]
[BlackElo "1690"]
[PlyCount "62"]
[EventDate "2004.05.21"]
[EventType "swiss"]
[EventRounds "5"]
[EventCountry "GER"]
[SourceTitle "EXT 2006"]
[Source "ChessBase"]
[SourceDate "2005.11.24"]
[SourceVersion "1"]
[SourceVersionDate "2005.11.24"]
[SourceQuality "1"]

1. d4 f5 2. Nc3 Nf6 3. Bg5 d5 4. Bxf6 exf6 5. e3 c6 6. Bd3 Bd6 7. Qf3 g6 8. Nge2 Be6 9. Nf4 Bf7 10. h4 Qe7 11. g3 h5 12. 0-0 Nd7 13. Rfc1 Nb6 14. Nd1 Rg8 15. Ng2 Nc4 16. Qe2 Rd8 17. b3 Nb6 18. c4 c5 19. b4 dxc4 20. bxc5 Bxc5 21. Bxc4 Bxd4 22. Bb5+ Kf8 23. exd4 Qxe2 24. Bxe2 Rxd4 25. Nge3 Ke7 26. Rc7+ Rd7 27. Rxd7+ Kxd7 28. Bf3 Kc7 29. a4 Rd8 30. a5 Nd5 31. Rc1+ Kb8 1-0

[Event "Regionalliga NO 0203"]
[Site "Bayern"]
[Date "2002.11.17"]
[Round "2.6"]
[White "Schmid, Stefan"]
[Black "Konsek, Peter"]
[Result "0-1"]
[WhiteElo "2009"]
[BlackElo "1993"]
[PlyCount "80"]
[EventDate "2002.10.20"]
[EventType "team-tourn"]
[EventRounds "9"]
[EventCountry "GER"]
[SourceTitle "EXT 2004"]
[Source "ChessBase"]
[SourceDate "2003.11.25"]
[SourceVersion "1"]
[SourceVersionDate "2003.11.25"]
[SourceQuality "1"]
[WhiteTeam "Postbauer Heng"]
[BlackTeam "Nuernberg Sued SW"]
[WhiteTeamCountry "GER"]
[BlackTeamCountry "GER"]

1. Nf3 Nf6 2. g3 g6 3. Bg2 Bg7 4. 0-0 0-0 5. d4 d6 6. c4 Nc6 7. Nc3 a6 8. h3 Rb8 9. a4 Bf5 10. Nh4 Bd7 11. e4 e5 12. Nf3 exd4 13. Nxd4 Nxd4 14. Qxd4 Qc8 15. h4 Ng4 16. Qd3 Ne5 17. Qe2 c6 18. Bg5 Bg4 19. f3 Be6 20. b3 Nxc4 21. bxc4 Bxc3 22. Rad1 Qc7 23. Qd3 Bg7 24. Kh2 f5 25. Bf4 Be5 26. Bh6 fxe4 27. Qxe4 d5 28. Qe1 Rfe8 29. f4 Bh8 30. cxd5 Bxd5 31. Bxd5+ cxd5 32. Qd2 d4 33. f5 Be5 34. fxg6 Rbc8 35. Qg2 Qc4 36. gxh7+ Kxh7 37. Qd2 Bg7 38. Bg5 Re2+ 39. Kh3 Rxd2 40. Rxd2 Qxf1+ 0-1

[Event "Regionalliga NO 9900"]
[Site "Bayern"]
[Date "1999.??.??"]
[Round "3.7"]
[White "Schmid, Stefan"]
[Black "Tobisch, Manfred"]
[Result "1/2-1/2"]
[WhiteElo "1640"]
[BlackElo "1965"]
[PlyCount "137"]
[EventDate "1999.??.??"]
[EventType "team-tourn"]
[EventRounds "9"]
[EventCountry "GER"]
[SourceTitle "EXT 2020"]
[Source "ChessBase"]
[SourceDate "2019.10.17"]
[SourceVersion "1"]
[SourceVersionDate "2019.10.17"]
[SourceQuality "1"]
[WhiteTeam "Postbauer"]
[BlackTeam "Weiden"]
[WhiteTeamCountry "GER"]
[BlackTeamCountry "GER"]

1. d4 Nf6 2. Nf3 g6 3. g3 Bg7 4. Bg2 d6 5. 0-0 0-0 6. c4 Nbd7 7. Nc3 e5 8. e4 Re8 9. Re1 c6 10. h3 a5 11. Be3 Qe7 12. d5 h6 13. dxc6 bxc6 14. Qd2 Kh7 15. Rad1 Bf8 16. Qc2 Nc5 17. Nd2 Ne6 18. Na4 Nd7 19. Nb3 Nec5 20. Nbxc5 dxc5 21. Rd3 Qe6 22. Red1 f5 23. exf5 gxf5 24. g4 e4 25. Rxd7+ Bxd7 26. gxf5 Qxf5 27. Nc3 Qf7 28. Bxe4+ Kh8 29. Bg6 Qe6 30. Bxe8 Rxe8 31. Ne2 Qxh3 32. Nf4 Qg4+ 33. Kf1 Bf5 34. Qe2 Qh4 35. Qh5 Bh3+ 36. Kg1 Qxh5 37. Nxh5 Bg4 38. Nf6 Rxe3 39. Nxg4 Re6 40. Ne3 Rg6+ 41. Kf1 Rd6 42. Rxd6 Bxd6 43. Nf5 Bf8 44. Kg2 Kh7 45. f4 Kg6 46. Nh4+ Kf6 47. Kf3 Bd6 48. Ke4 Be7 49. Nf3 Bd6 50. Nd2 Bc7 51. Nb3 Bb6 52. Nc1 Bc7 53. Ne2 Bd6 54. Ng3 Bc7 55. Kf3 Bb8 56. Kg4 Kg6 57. f5+ Kf7 58. Ne4 Be5 59. Nxc5 Bxb2 60. Nb7 a4 61. Nd8+ Kf6 62. Nxc6 h5+ 63. Kxh5 Kxf5 64. Na7 Ke6 65. c5 Bd4 66. Nb5 Bxc5 67. Nc3 a3 68. Nb5 Kd5 69. Nxa3 1/2-1/2

[Event "Hessenliga 9798"]
[Site "Hessen"]
[Date "1998.??.??"]
[Round "?.5"]
[White "Wendel, Stephan"]
[Black "Schmid, Stefan"]
[Result "1/2-1/2"]
[WhiteElo "2220"]
[BlackElo "2255"]
[PlyCount "53"]
[EventDate "1997.10.??"]
[EventType "team-tourn"]
[EventRounds "11"]
[EventCountry "GER"]
[SourceTitle "EXT 1999"]
[Source "ChessBase"]
[SourceDate "1998.11.16"]
[SourceVersion "1"]
[SourceVersionDate "1998.11.16"]
[SourceQuality "1"]

1. e4 c5 2. Nf3 Nc6 3. Bb5 g6 4. 0-0 Bg7 5. c3 Nf6 6. Re1 0-0 7. d4 cxd4 8. cxd4 d5 9. e5 Ne4 10. Nc3 Nxc3 11. bxc3 Qa5 12. Bxc6 bxc6 13. Bg5 Re8 14. Qd2 Bg4 15. Nh4 f6 16. Bh6 Be6 17. Bxg7 Kxg7 18. Rab1 Qc7 19. Qf4 Qd7 20. h3 g5 21. Qg3 Kf7 22. Nf3 h6 23. exf6 exf6 24. Rb2 Bf5 25. Rbe2 Rxe2 26. Rxe2 Re8 27. Rxe8 1/2-1/2

[Event "Giessen op"]
[Site "Giessen"]
[Date "1995.??.??"]
[Round "7"]
[White "Schmid, Stefan"]
[Black "Baum, Bernd"]
[Result "1/2-1/2"]
[WhiteElo "2295"]
[BlackElo "2245"]
[PlyCount "70"]
[EventDate "1995.??.??"]
[EventType "swiss"]
[EventRounds "7"]
[EventCountry "GER"]
[SourceTitle "GER"]
[Source "ChessBase"]
[SourceDate "1999.07.01"]
[SourceVersion "1"]
[SourceVersionDate "1999.07.01"]
[SourceQuality "1"]

1. d4 g6 2. Nf3 Bg7 3. g3 d6 4. Bg2 Nf6 5. 0-0 0-0 6. c4 Nbd7 7. Nc3 c5 8. d5 a6 9. a4 Qc7 10. e4 Nb6 11. Qb3 Rb8 12. e5 Ng4 13. a5 Nd7 14. e6 fxe6 15. Ng5 Ndf6 16. Nxe6 Bxe6 17. dxe6 Qd8 18. Nd5 Nxd5 19. cxd5 b5 20. axb6 Rxb6 21. Qd1 Nxf2 22. Rxf2 Bd4 23. Bf3 Qb8 24. Kg2 Bxf2 25. Kxf2 Rb3 26. Ra3 Rfxf3+ 27. Qxf3 Rxf3+ 28. Rxf3 Qb7 29. Bh6 Qxb2+ 30. Kf1 Qb8 31. Rf7 Qe8 32. Bg5 Qxf7+ 33. exf7+ Kxf7 34. Ke2 e6 35. Bf4 Ke7 1/2-1/2